000 00639nam a22002297a 4500
003 UA-OsUOA
001 100645
007 ta
008 20130529b un ||||| |||| 00| 0 ukr d
100 _aЦвейг С.
090 _a821.182.2
_bЦ26
942 _cBK
040 _aUA-OsUOA
_brus
_cUA-OsUOA
_dUA-OsUOA
245 _aАмериго
_bпевесть об одной исторической ошибке
300 _a94 с.
955 _a3
041 _arus
080 _a821.182.2
260 _aМ.
_bГеографгиз
_c1960
650 7 _a82 Література. Літературознавство
_2UDC
999 _c386802
_d386802